| 000 | 00621nam a2200193 a 4500 | ||
|---|---|---|---|
| 005 | 20140310183336.0 | ||
| 008 | 070511s19uu xx 00 eng d | ||
| 020 | _a9781843122852 | ||
| 050 |
_aLB 2346 _b.B964 2005 |
||
| 100 | _aBurnett, Nick | ||
| 245 |
_aLeadership and SEN : _bmeeting the challenge in Special and Mainstream settings / |
||
| 260 |
_aLondon : _bDavid Fulton Publishers, _c2005. |
||
| 300 |
_a90 p. : _c26 cm. |
||
| 521 | _aEDU | ||
| 650 |
_aLearning disabled children _xEducation _xUnited States. |
||
| 650 |
_aMainstreaming in education _xUnited States. |
||
| 942 |
_cBK _2lcc _kFOR |
||
| 999 |
_c21676 _d21676 |
||